000 00345 a2200145 4500
001 193160
020 _a978-85-7340-620-7
040 _cMagnum
240 1 0 _aA incrível sombra de Jack Tom Percival
_lpor
245 1 0 _aA incrível sombra de Jack Tom Percival
300 _a29
362 0 _a2013
697 _aLITERATURA INFANTIL
942 _cBK
999 _c193160
_d193160